| 000 | 00360nam a22001337a 4500 | ||
|---|---|---|---|
| 005 | 20240705121049.0 | ||
| 008 | 240705b |||||||| |||| 00| 0 eng d | ||
| 041 | _aeng | ||
| 100 |
_aBATRA, DINANATH _98392 |
||
| 245 | _aPRERNA DEEP [KHAND-4] PUJA HO TOH AAISI | ||
| 260 |
_a KURUKSHETRA _bVIDYA BHARTI SANSKRITI SHIKSHA SANSTHAN |
||
| 300 | _a92; P | ||
| 942 | _cBK | ||
| 999 |
_c8533 _d8531 |
||